Alternative economic structures (Record no. 376716)

000 -LEADER
fixed length control field 00445cam a22001577a 4500
008 - FIXED-LENGTH DATA ELEMENTS--GENERAL INFORMATION
fixed length control field 180718b1989 xxu||||| |||| 00| 0 eng d
020 ## - INTERNATIONAL STANDARD BOOK NUMBER
International Standard Book Number 8170230438
082 ## - DEWEY DECIMAL CLASSIFICATION NUMBER
Classification number T1 Ag15
245 ## - TITLE STATEMENT
Title Alternative economic structures
Statement of responsibility, etc. edited by B.L. Agarwal
260 ## - PUBLICATION, DISTRIBUTION, ETC.
Place of publication, distribution, etc. Shimla
Name of publisher, distributor, etc. Indian Institute of Advanced Study
Date of publication, distribution, etc. 1989
300 ## - PHYSICAL DESCRIPTION
Extent 423p.
650 ## - SUBJECT ADDED ENTRY--TOPICAL TERM
Topical term or geographic name entry element Central Planning
650 ## - SUBJECT ADDED ENTRY--TOPICAL TERM
Topical term or geographic name entry element Economic Development
650 ## - SUBJECT ADDED ENTRY--TOPICAL TERM
Topical term or geographic name entry element Economics
700 ## - ADDED ENTRY--PERSONAL NAME
Personal name Agarwal, B.L.
Holdings
Withdrawn status Lost status Damaged status Not for loan Permanent Location Current Location Date acquired Full call number Barcode Date last seen Price effective from Koha item type
        Indian Institute of Public Administration Indian Institute of Public Administration 1994-11-23 T1 Ag15 67865 2018-07-21 2018-07-21 Book

Powered by Koha